Boletín Socioeconómico/
Guardado en:
| Autor Corporativo: | |
|---|---|
| Formato: | Libro |
| Lenguaje: | Spanish |
| Publicado: |
Managua, Nicaragua:
INIE
|
| Materias: | |
| Etiquetas: |
Agregar Etiqueta
Sin Etiquetas, Sea el primero en etiquetar este registro!
|
MARC
| LEADER | 00000nam a22000007a 4500 | ||
|---|---|---|---|
| 003 | cru CIDCACS/IIS | ||
| 005 | 20200423140906.0 | ||
| 008 | 200423n nq |||p|r||||||0| ||spa|d | ||
| 999 | |c 43105 |d 43105 | ||
| 022 | |a 01205242 | ||
| 040 | |c cru CIDCACS/IIS | ||
| 090 | |a REV0129 | ||
| 110 | 2 | |9 9266 |a Instituto Nicaragüense de Investigaciones Económicas y Sociales | |
| 245 | 1 | |a Boletín Socioeconómico/ |c Instituto Nicaragüense de Investigaciones Económicas y Sociales | |
| 260 | |a Managua, Nicaragua: |b INIE | ||
| 270 | |a Apdo. C-16. Avenida Bolívar #1102 | ||
| 500 | |a EXISTENCIAS : 1987-1989 (1-15) 1990 (16) 1991 (18) Bimensual | ||
| 650 | 4 | |9 2655 |a POLITICA ECONOMICA | |
| 650 | 0 | |9 83 |a DEMOCRACIA | |
| 650 | 0 | |9 2363 |a SECTOR INDUSTRIAL | |
| 650 | 0 | |9 861 |a VIVIENDA | |
| 942 | |2 ddc |c PP | ||
